El sacerdocio de la mujer /
Serie de ensayos que reflexionan y cuestionan la marginación de la mujer dentro de la Iglesia Católica, patente en la exclusión femenina del sacerdocio. Las autoras plantean que además del problema de justicia, existe detrás una situación teológica no resuelta.
Uloženo v:
| Hlavní autor: | |
|---|---|
| Další autoři: | , |
| Médium: | Kniha |
| Jazyk: | španělština |
| Edice: | (Cuadernos Verapaz ;
11) |
| Témata: | |
| Tagy: |
Žádné tagy, Buďte první, kdo vytvoří štítek k tomuto záznamu!
|
MARC
| LEADER | 00000nam^a2200000^a^4500 | ||
|---|---|---|---|
| 001 | 000039721 | ||
| 005 | 20250521000000.0 | ||
| 009 | 20260310085552.949 | ||
| 020 | |a 84-87557-66-X | ||
| 037 | |a Acervo ITESO - Biblioteca | ||
| 041 | |a ESP | ||
| 082 | |a 248. 843 |b ARA | ||
| 100 | |a Arana, María José |e (autor) | ||
| 245 | 1 | 3 | |a El sacerdocio de la mujer / |c M.J. Arana, L. Fumanal, M. Carrizosa. |
| 264 | |a Salamanca, España : |b San Esteban, |c 1993 | ||
| 300 | |a 132 p. | ||
| 336 | |a texto |b txt |2 rdacontenido | ||
| 337 | |a sin mediación |b n |2 rdamedio | ||
| 338 | |a volumen |b nc |2 rdasoporte | ||
| 440 | 1 | |a (Cuadernos Verapaz ; |v 11) | |
| 520 | |a Serie de ensayos que reflexionan y cuestionan la marginación de la mujer dentro de la Iglesia Católica, patente en la exclusión femenina del sacerdocio. Las autoras plantean que además del problema de justicia, existe detrás una situación teológica no resuelta. | ||
| 649 | |a XX | ||
| 650 | |a Mujeres en las Actividades de la Iglesia | ||
| 650 | |a Mujeres en la Religión | ||
| 650 | |a Mujeres en la Biblia | ||
| 650 | |a Iglesia Católica | ||
| 650 | |a Teología | ||
| 650 | |a Cristianismo | ||
| 650 | |a Religión | ||
| 700 | |a Fumanal, Lola |e (autor) | ||
| 700 | |a Carrizosa, Mercedes |e (autor) | ||
| 910 | |a Fondo General | ||
| 920 | |a Impresos - Libros | ||
| 930 | |a Colección General | ||
| 905 | |a 101 | ||
| 901 | |a 0397210100 |b IT1 |c ACC |i 039721 |u 20250521 | ||
| 902 | |a https://opac.biblio.iteso.mx/vufind/Record/000039721 | ||